<?xml version="1.0" encoding="UTF-8" ?>
<collection xmlns="http://www.loc.gov/MARC21/slim"><record><leader>01591nam a2200349 c 4500</leader><controlfield tag="001">216406</controlfield><controlfield tag="003">CH-000273-5</controlfield><controlfield tag="005">20220707160054.0</controlfield><datafield tag="035" ind1=" " ind2=" "><subfield code="a">(OCoLC)1252812008</subfield></datafield><datafield tag="040" ind1=" " ind2=" "><subfield code="a">CH-000273-5</subfield><subfield code="b">ger</subfield><subfield code="e">rda</subfield></datafield><datafield tag="041" ind1=" " ind2=" "><subfield code="a">fre</subfield></datafield><datafield tag="100" ind1="1" ind2="0"><subfield code="a">Dessouslavy, Georges</subfield><subfield code="d">1898-1952</subfield><subfield code="e">Verfasser</subfield><subfield code="4">aut</subfield></datafield><datafield tag="245" ind1="0" ind2="0"><subfield code="a">Brief, La chaux de Fonds le 4 Janvier 1938, Monsieur le Docteur W. Wartmann, Directeur du Kunsthaus de Zurich</subfield><subfield code="b">Très honoré Monsieur le Directeur ...</subfield><subfield code="c">Veuillez croire très Honoré Monsieur à mes sentiments les meilleurs, Georges Dessouslavy, Recrettes 2, La Chaux de Fonds</subfield></datafield><datafield tag="264" ind1=" " ind2=" "><subfield code="a">La Chaux de Fonds</subfield><subfield code="c">1938</subfield></datafield><datafield tag="300" ind1=" " ind2=" "><subfield code="a">1 Blatt</subfield><subfield code="c">26,8 x 17,9 cm</subfield></datafield><datafield tag="336" ind1=" " ind2=" "><subfield code="a">Text</subfield><subfield code="b">txt</subfield><subfield code="2">rdacontent</subfield></datafield><datafield tag="337" ind1=" " ind2=" "><subfield code="a">ohne Hilfsmittel zu benutzen</subfield><subfield code="b">n</subfield><subfield code="2">rdamedia</subfield></datafield><datafield tag="338" ind1=" " ind2=" "><subfield code="a">Blatt</subfield><subfield code="b">nb</subfield><subfield code="2">rdacarrier</subfield></datafield><datafield tag="500" ind1=" " ind2=" "><subfield code="a">Verfasser schreibt im Namen mehrerer welscher Künstler eine Anfrage für eine Gruppenausstellung im Kunsthaus</subfield></datafield><datafield tag="600" ind1="1" ind2="7"><subfield code="a">Dessouslavy, Georges</subfield><subfield code="d">1898-1952</subfield><subfield code="x">Brief</subfield><subfield code="x">Manuskript</subfield><subfield code="2">gnd</subfield></datafield><datafield tag="600" ind1="1" ind2="7"><subfield code="a">Perrin, Léon</subfield><subfield code="d">1886-1978</subfield><subfield code="2">gnd</subfield></datafield><datafield tag="600" ind1="1" ind2="7"><subfield code="a">Bouvier, Pierre Eugène</subfield><subfield code="d">1901-1982</subfield><subfield code="2">gnd</subfield></datafield><datafield tag="600" ind1="1" ind2="7"><subfield code="a">Schwob, Lucien</subfield><subfield code="d">1895-1985</subfield><subfield code="2">gnd</subfield></datafield><datafield tag="600" ind1="1" ind2="7"><subfield code="a">Robert, Maurice</subfield><subfield code="d">1909-1992</subfield><subfield code="2">gnd</subfield></datafield><datafield tag="600" ind1="0" ind2="7"><subfield code="a">Dominique, E.</subfield></datafield><datafield tag="610" ind1="2" ind2="7"><subfield code="a">Kunsthaus Zürich</subfield><subfield code="x">Ausstellung</subfield><subfield code="x">Geschäftsbrief</subfield><subfield code="2">gnd</subfield></datafield><datafield tag="655" ind1="0" ind2="7"><subfield code="a">Manuskript</subfield><subfield code="2">gnd</subfield></datafield><datafield tag="655" ind1="0" ind2="7"><subfield code="a">Brief</subfield><subfield code="2">gnd</subfield></datafield><datafield tag="700" ind1="1" ind2="0"><subfield code="a">Wartmann, Wilhelm</subfield><subfield code="d">1882-1970</subfield><subfield code="e">Adressat</subfield><subfield code="4">rcp</subfield></datafield><datafield tag="710" ind1="2" ind2="0"><subfield code="a">Kunsthaus Zürich</subfield><subfield code="e">Adressat</subfield><subfield code="4">rcp</subfield></datafield><datafield tag="852" ind1="4" ind2="0"><subfield code="a">CH-000273-5</subfield><subfield code="c">10.30.30.184.dessouslavy.19380104</subfield></datafield><datafield tag="856" ind1="4" ind2="1"><subfield code="u">https://digital.kunsthaus.ch/viewer/image/216406/1/</subfield><subfield code="y">Kunsthaus Zürich Sammlungen online</subfield></datafield></record></collection>